La Ley de medio ambiente (Registro nro. 165465)
[ vista simple ]
| 000 -LEADER | |
|---|---|
| fixed length control field | 02229nam a22002657a 4500 |
| 007 - PHYSICAL DESCRIPTION FIXED FIELD--GENERAL INFORMATION | |
| fixed length control field | cr|||| |||| |
| 008 - FIXED-LENGTH DATA ELEMENTS--GENERAL INFORMATION | |
| fixed length control field | 171122s2015 cu |||||s|||| 00||0 spa d |
| 020 ## - INTERNATIONAL STANDARD BOOK NUMBER | |
| International Standard Book Number | 978-959-7219-43-9 |
| 035 ## - | |
| -- | 20852 |
| 040 ## - CATALOGING SOURCE | |
| Original cataloging agency | vLex |
| 090 ## - | |
| -- | 7225 |
| -- | 7225 |
| 100 1# - MAIN ENTRY--PERSONAL NAME | |
| Personal name | Rey Santos, Orlando |
| 245 12 - TITLE STATEMENT | |
| Title | La Ley de medio ambiente |
| Medium | [Recurso electrónico]: |
| Remainder of title | 20 años después / |
| Statement of responsibility, etc | Orlando Rey Santos; Teresa Cruz Sardinas |
| 256 ## - | |
| -- | Servicio en línea |
| 260 ## - PUBLICATION, DISTRIBUTION, ETC. (IMPRINT) | |
| Place of publication, distribution, etc | Ciudad de La Habana: |
| Name of publisher, distributor, etc | Unión Nacional de Juristas de Cuba, |
| Date of publication, distribution, etc | 2015 |
| 300 ## - PHYSICAL DESCRIPTION | |
| Extent | 1 recurso electrónico |
| 500 ## - GENERAL NOTE | |
| General note | Que la Ley 81 de 1997, Ley de Medio Ambiente de Cuba, alcance en este año dos décadas de vida, constituye motivo suficiente para una reflexión al respecto. No obstante, los autores de esta obra van más allá, y partiendo de esta celebración, articulan una visión que ofrece una secuencia coherente del pasado, el presente y el futuro inmediato de la legislación ambiental en nuestro país. Encontraremos aquí un análisis a múltiples voces sobre el contexto de la protección legal del medio ambiente y los recursos naturales en Cuba, desarrollado a partir de una consideración histórica de la evolución de la Ley y su implementación que examina con ojo crítico sus hallazgos y resultados, pero también las insuficiencias y errores, siempre presentes en un quehacer tan complejo. Esta evaluación crítica es situada en un contexto propositivo, en tanto el libro concluye ofreciendo algunas ideas muy preliminares, a las puertas de posibles cambios en la normatividad ambiental, a tono con nuestras proyecciones para un desarrollo socialista, próspero y sostenible. |
| 506 1# - RESTRICTIONS ON ACCESS NOTE | |
| Terms governing access | Disponible solo en los productos indicados |
| Authorized users | vLex Global |
| -- | vLex Global (Academic Edition, excluding Law Schools) |
| -- | vLex Global (U.S. Academic Edition, Law Schools) |
| -- | vLex Global (U.S. Academic Edition, excluding Law Schools) |
| -- | vLex Global (Academic Edition, Law Schools) |
| 650 04 - SUBJECT ADDED ENTRY--TOPICAL TERM | |
| Topical term or geographic name as entry element | Derecho del Medio Ambiente |
| Geographic subdivision | Cuba |
| 700 1# - ADDED ENTRY--PERSONAL NAME | |
| Personal name | Cruz Sardinas, Teresa |
| 740 0# - | |
| -- | vLex Libros (Servicio en línea) |
| 856 40 - LOCALIZACIÓN Y ACCESO ELECTRÓNICO | |
| Identificador Uniforme del Recurso (URI/URL) | https://app.vlex.com/#/sources/ley-de-medio-ambiente-20-a-os-despues-20852 |
| 942 ## - | |
| -- | RAA |
| 999 ## - | |
| -- | 165465 |
| -- | 165465 |
No hay ítems disponibles.